| 000 | 00677nam a22002053a 4500 | ||
|---|---|---|---|
| 005 | 20250924063855.0 | ||
| 008 | 011002s1994 es r 000 0 spa d | ||
| 020 | _a8478271031 | ||
| 035 | _aUPN01000112353 | ||
| 049 | _aCG | ||
| 050 | 4 |
_aLB1042.7 _bC6.2 |
|
| 100 | 1 | _aCorominas i Casals, Agustí | |
| 245 | 1 | 3 |
_aLa comunicación audiovisual y su integración en el curriculum / _cAgustí Corominas. |
| 260 |
_aBarcelona, Esp. : _bGraó : _bI.C.E. Universitat de Barcelona, _c1994. |
||
| 300 |
_a183 p. : _bil. |
||
| 440 | 0 |
_aMateriales para la innovación educativa ; _v9 |
|
| 650 | 4 |
_aEnseñanza audiovisual _913757 |
|
| 650 | 4 |
_aMedios didácticos _920230 |
|
| 905 | _aLibro | ||
| 999 |
_c86261 _d86261 |
||